| 000 | 00426cam a2200169 4500 | ||
|---|---|---|---|
| 001 | D13740 | ||
| 008 | 090401t1882 xxu||||| |||| 00| 0 eng d | ||
| 035 | _a(Sirsi) u11387 | ||
| 041 | _aeng | ||
| 100 | _aRobinson, J.L. | ||
| 245 | 2 | _aA treatise on marine surveying prepared for young Naval officers | |
| 260 |
_aLondon _bMacmillan and Co _c1882 |
||
| 350 | _a0 | ||
| 520 | _aShelf 134 | ||
| 942 | _n0 | ||
| 948 | _c04/03/1997 | ||
| 999 |
_c86860 _d86860 |
||